CLASES Y NACIONES EN EL MATERIALISMO HISTORICO /

Guardado en:
Detalles Bibliográficos
Autor principal: Amin, Samir (autor)
Formato: Libro
Temas:
Etiquetas: Agrega una etiqueta
Sin etiquetas, Sé el primero en etiquetar este registro!

MARC

LEADER 00000nam^a2200000^a^4500
001 000222076
005 20250521000000.0
009 20260310103935.744
020 |a 84-7311-041-2 
037 |a Acervo Xavier Clavigero 
082 |a 335. 4119  |b AMI 
100 |a Amin, Samir  |e (autor) 
245 1 0 |a CLASES Y NACIONES EN EL MATERIALISMO HISTORICO /  |c SAMIR AMIN 
264 |a Barcelona, España :  |b El Viejo Topo,  |c 1979 
300 |a 211 p. 
336 |a texto  |b txt  |2 rdacontenido 
337 |a sin mediación  |b n  |2 rdamedio 
338 |a volumen  |b nc  |2 rdasoporte 
649 |a XX 
650 |a Materialismo 
910 |a Fondo General 
920 |a Impresos - Libros 
930 |a Colección General 
905 |a 101 
901 |a 033788  |b IT1  |c ACC  |i 033788  |u 20250521 
901 |a 029472  |b IT1  |c ACC  |i 029472  |u 20250521 
902 |a https://opac.biblio.iteso.mx/vufind/Record/000222076